| 000 | 01619nam a2200409 c 4500 | ||
|---|---|---|---|
| 001 | 23860 | ||
| 003 | ES-MaCES | ||
| 005 | 20141221122854.0 | ||
| 007 | cr ||||||||||| | ||
| 008 | 110622s2011 sp l o000 | spa d | ||
| 017 |
_aM 25913-2011 _bDL |
||
| 035 | _aCES20110005218m | ||
| 040 |
_aES-MaCES _bspa _cES-MaCES |
||
| 110 | 2 |
_aConsejo Económico y Social (España) _92408 |
|
| 245 | 1 | 0 |
_aDictamen 9-2011 sobre el Anteproyecto de Ley por la que se modifica la Ley 42/1997, de 14 de noviembre, Ordenadora de la inspección de inspección de trabajo y Seguridad social _b: Sesión ordinaria del Pleno, 30 de mayo de 2011 _cConsejo Económico y Social España |
| 250 | _a1ª ed | ||
| 260 |
_aMadrid _bConsejo Económico y Social _c2011 |
||
| 300 |
_a15 p. _c24 cm |
||
| 490 | 1 |
_aColección Dictámenes _v9-2011 |
|
| 500 | _aTít. tomado de la cub. | ||
| 541 | _cGratuito | ||
| 610 | 1 | 4 |
_aEspaña _tLey ordenadora de la inspección de trabajo y Seguridad Social _d1997 _93161 |
| 650 | 4 |
_ainspección del trabajo _928213 |
|
| 650 | 4 |
_aseguridad social _927034 |
|
| 650 | 4 |
_alegislación del trabajo _927166 |
|
| 650 | 4 |
_alegislación de seguridad social _929855 |
|
| 650 | 4 |
_areforma legislativa _929892 |
|
| 650 | 4 |
_aEspaña _926964 |
|
| 650 | 4 |
_arégimen jurídico _929894 |
|
| 650 | 4 |
_adictamen _930802 |
|
| 653 | 1 | 0 | _aRelaciones laborales-Empleo |
| 830 | 0 |
_aColección Dictámenes (Consejo Económico y Social (España)) _v9-2011 _932521 |
|
| 856 | 4 | _uhttp://www.ces.es/documents/DIC/2011/09 | |
| 902 | _aLIB Libro | ||
| 942 |
_2CES _cBK _h2.0. |
||
| 999 |
_c23860 _d23860 |
||